[Event "Stay Safe Play From Home 290"]
[Site "Emanuel Lasker Arena"]
[Date "2020.07.09"]
[Round "2"]
[White "Eidgenosse"]
[Black "VotaryRoma"]
[Result "1-0"]
[WhiteElo "2448"]
[BlackElo "2185"]
[Annotator "TA"]
[PlyCount "121"]
[EventDate "2020.07.09"]
[EventType "swiss (blitz)"]

{[%evp 17,121,-9,0,-2,22,0,70,20,84,68,86,80,155,144,160,134,137,110,103,104,121,89,133,135,150,127,141,0,242,256,275,197,208,198,296,289,350,121,301,330,325,344,335,323,379,363,987,981,796,841,919,881,2062,2058,2016,2008,1994,1976,1801,1623,29977,29979,29990,29991,29991,29992,29992,29992,29993,29992,29995,29995,29997,29994,29994,29994,29994,29995,29996,29995,29997,29995,29995,29995,29996,29997,29997,29995,29997,29996,29997,29995,29996,29996,29997,29996,29996,29996,29996,29997,29998,29997,29998,29999,29999,5497]} 1. Nf3 Nf6 2. g3 g6 3. Bg2 Bg7 4. O-O O-O 5. d3 d5 6. Nbd2 c5 7. e4 Nc6 8. Re1 dxe4 9. dxe4 e5 10. c3 {A08: King's Indian Attack.} Bg4 11. Qe2 {[#]} Nd7 $146 (11... Qc7 $11) ({Predecessor:} 11... Qe7 12. Nf1 h6 13. h3 Be6 14. N3d2 Rad8 15. Ne3 a6 16. Kh2 b5 17. b3 Qd7 {1-0 (37) Mandak,M (2069)-Mruskovic,R (1962) Slovakia 2011}) 12. h3 {White is slightly better.} Bxf3 (12... Be6 $11 {keeps the balance.}) 13. Nxf3 Re8 14. Bg5 f6 (14... Qc7 $142) 15. Be3 $16 Qc7 16. Rad1 Rad8 17. Nd2 b6 18. Nc4 Nf8 19. a4 Ne6 20. h4 h5 21. Rd5 Ne7 {[#]} 22. Rdd1 (22. Rxd8 $1 $16 Rxd8 23. Bh3) 22... a6 $2 (22... Nc6 $11 {and Black has nothing to worry.}) 23. Bh3 $18 Nf8 24. a5 b5 25. Nb6 Nc6 (25... c4 $142 26. b4 cxb3) 26. Nd5 Qb7 27. b4 $2 (27. Bxc5 $18 {has better winning chances. Threatens to win with Bb6.} Nxa5 28. Ne7+ Kf7 29. Rxd8 Rxd8 30. Rd1) 27... c4 $2 {This costs Black the game.} (27... cxb4 $16 28. cxb4 Ne6) 28. Bb6 Rd6 29. Bc5 Rdd8 30. Nb6 Rxd1 31. Rxd1 ({Weaker is} 31. Qxd1 Rd8 $18) 31... Ne6 $2 (31... Nb8 32. Rd6 Qf7) 32. Bxe6+ Rxe6 33. Rd7 Qb8 34. Qd2 Bf8 {[#]} 35. Qd5 $1 {[%mdl 512]} Qe8 36. Bxf8 Kxf8 37. Rh7 {Intending Nd7+ and mate.} Kg8 38. Rc7 Kh8 {[#]} 39. Rc8 $1 {[%mdl 512] White mates.} Na7 40. Qxe6 Qxc8 41. Nxc8 Nxc8 42. Qxc8+ Kh7 43. Qd7+ Kh6 44. f4 f5 45. exf5 gxf5 {[#]} 46. Qe6+ $1 Kh7 47. Qxf5+ Kh6 48. Qg5+ Kh7 49. Qxh5+ Kg7 50. Qxe5+ Kh7 51. Qe7+ Kg6 52. Qe6+ Kh5 53. Qxa6 Kg4 54. Qxb5 Kh3 55. Qxc4 Kg4 56. a6 Kh3 57. a7 Kxg3 58. a8=Q Kh3 59. Qb8 Kg3 60. f5+ Kh3 {[#]} 61. Qg4+ $3 {Accuracy: White = 72%, Black = 39%.} 1-0

[Event "Stay Safe Play From Home 290"]
[Site "Emanuel Lasker Arena"]
[Date "2020.07.09"]
[Round "2"]
[White "AChessPlayer"]
[Black "Mandy"]
[Result "1-0"]
[WhiteElo "2384"]
[BlackElo "900"]
[Annotator "TA"]
[PlyCount "31"]
[EventDate "2020.07.09"]
[EventType "swiss (blitz)"]

{[%evp 9,31,23,21,28,57,23,78,55,322,133,190,85,181,72,92,67,437,114,547,495,29988,29989,29990,1476]} 1. e4 c6 2. Nf3 d5 3. Nc3 Nf6 4. e5 Nfd7 5. e6 fxe6 6. d4 {B11: Caro-Kann: Two Knights Variation.} g6 7. h4 {Threatening h5.} Bg7 (7... e5 $1 $11) 8. h5 $16 {[#] Hoping for Ng5.White is better.} g5 $146 {[%mdl 8192]} (8... e5 $14) ({Predecessor:} 8... Nf8 9. h6 Bf6 10. g4 c5 11. g5 Bxd4 12. Nxd4 cxd4 13. Qxd4 Rg8 14. Qg7 Rxg7 15. hxg7 {1-0 (49) Suess,A-Delander,A Kiel 1967}) 9. Bxg5 (9. Nxg5 $18 Bxd4 10. Qxd4) 9... h6 (9... c5 $16) 10. Bh4 (10. Qd3 $18 {has better winning chances.}) 10... O-O {[#]} (10... c5 $16 {is a better defense.}) 11. Bd3 (11. Qe2 $1 $18 {and White stays clearly on top.}) 11... c5 12. Qe2 e5 $2 {[%mdl 8192]} (12... Kh8 $1 $14) 13. Nxe5 $2 (13. Nxd5 $18 Nc6 14. Qe4) 13... Bxe5 $4 {[%mdl 8192]} (13... Nxe5 $16 {is more resistant.} 14. dxe5 Be6) 14. dxe5 $18 e6 (14... c4 $18 15. Bf5 Nc6 16. Qg4+ Kh8) 15. Qg4+ Kh8 16. Bxd8 {Accuracy: White = 29%, Black =  9%.} (16. Qg6 $142 Rf7 17. Bxd8 Rg7 18. Qxh6+ Kg8 19. Qxe6+ {[%mdl 64] Double Attack} Kf8 20. Bg6 Nf6 21. Qxf6+ Kg8 22. h6 Rd7 23. h7+ Rxh7 24. Bxh7#) 1-0

[Event "Stay Safe Play From Home 290"]
[Site "Emanuel Lasker Arena"]
[Date "2020.07.09"]
[Round "2"]
[White "Weltszmerc"]
[Black "Mepe_Nika"]
[Result "0-1"]
[WhiteElo "2169"]
[BlackElo "2355"]
[Annotator "TA"]
[PlyCount "86"]
[EventDate "2020.07.09"]
[EventType "swiss (blitz)"]

{[%evp 9,86,0,1,-18,-4,-14,7,0,0,0,0,-8,0,-36,-36,-36,-41,-94,-35,-57,-44,-64,-65,-52,-45,-64,-68,-94,0,0,0,0,0,-27,-21,-21,0,0,15,15,43,43,81,27,95,19,16,15,13,10,34,25,22,-8,69,8,50,22,755,722,697,729,841,792,861,853,940,893,1016,1005,1006,1020,29988,29989,29989,29990,29990,29991,29988]} 1. d4 d5 2. c4 c6 3. Nf3 Nf6 4. g3 Bf5 5. Qb3 Qb6 6. c5 {D11: Slav Defence: 3 Nf3 sidelines and 3...Nf6 4 e3 Bg4.} Qxb3 7. axb3 e6 8. Bg2 {The position is equal.} Be7 {[#]} 9. b4 $146 ({Predecessor:} 9. Nc3 Na6 10. O-O O-O 11. Ne5 Rfd8 12. Nxc6 bxc6 13. Rxa6 Rdb8 14. Rxc6 Rxb3 15. Rd1 Rb4 16. h3 a5 17. f3 Bc2 18. Rd2 Bb3 {½-½ (35) Buisac Anadon,P (1864)-Larrosa Poves,J (1912) Aragon 2019}) 9... O-O 10. Nc3 a6 11. b5 cxb5 12. Nxb5 Nc6 13. Na3 (13. Nc3 $1 $15) 13... h6 (13... Be4 $17 {aiming for ...Nxd4!} 14. Be3 Ng4) 14. O-O $15 g5 15. h3 Ne4 16. g4 Bg6 17. e3 f5 18. Nd2 {[#]} Kg7 (18... Nf6 $1 $17 19. gxf5 Bxf5) 19. Nxe4 $11 fxe4 20. Bd2 e5 21. Bc3 exd4 22. exd4 Bf6 23. Nc2 Rae8 24. Rad1 h5 25. Ne3 hxg4 26. hxg4 (26. Nxd5 $16 gxh3 27. Bxh3) 26... Bf7 (26... Ne7 $11) 27. Rd2 (27. f3 $16 {Black must now prevent fxe4.} exf3 28. Nf5+ (28. Rxf3 Kg6 $14) 28... Kg6 29. Bxf3) 27... Be6 28. f3 exf3 $1 29. Rxf3 Kg6 30. Kf2 Bg7 31. Nf5 Rf6 (31... Bxf5 $11 32. Rxf5 Rxf5+ 33. gxf5+ Kxf5) 32. Bh3 (32. Nxg7 $14 Kxg7 33. Rxf6 Kxf6 34. Kg3) 32... Ref8 33. Kg3 Ne7 $2 {[%mdl 8192] [#] This costs Black the game.} (33... Bxf5 $11 34. gxf5+ Kf7) 34. Nxe7+ $18 Kh7 35. Rxf6 Rxf6 36. Nf5 Bf8 37. Re2 Kg6 38. Re5 Kf7 39. Bd2 Bd7 40. Bxg5 Rd6 41. Nxd6+ {White mates.} Kg6 42. Be7 Bg7 43. Rg5+ Kh7 {[%mdl 32768] Accuracy: White = 67%, Black = 58%. . Sensor Board Error (Ke4/e5)?} 0-1

[Event "Stay Safe Play From Home 290"]
[Site "Emanuel Lasker Arena"]
[Date "2020.07.09"]
[Round "2"]
[White "Fischer_11"]
[Black "Lamborghini"]
[Result "0-1"]
[WhiteElo "2055"]
[BlackElo "2207"]
[Annotator "NA"]
[PlyCount "78"]
[EventDate "2020.07.09"]
[EventType "swiss (blitz)"]

1. e4 {[%emt 0:00:01]} c5 {[%emt 0:00:03]} 2. c3 {[%emt 0:00:01]} d6 {[%emt 0:00:01]} 3. d4 {[%emt 0:00:00]} cxd4 {[%emt 0:00:02]} 4. cxd4 {[%emt 0:00:00]} Nf6 {[%emt 0:00:01]} 5. Nc3 {[%emt 0:00:00]} e6 {[%emt 0:00:01]} 6. Bd3 {[%emt 0:00:00]} Be7 {[%emt 0:00:00]} 7. Nf3 {[%emt 0:00:00]} O-O {[%emt 0:00:01]} 8. O-O {[%emt 0:00:00]} Nc6 {[%emt 0:00:01]} 9. a3 {[%emt 0:00:00]} e5 {[%emt 0:00:01]} 10. Be3 {[%emt 0:00:00]} Ng4 {[%emt 0:00:01]} 11. d5 {[%emt 0:00:03]} Nxe3 {[%emt 0:00:01]} 12. fxe3 {[%emt 0:00:00]} Nb8 {[%emt 0:00:01]} 13. Rc1 {[%emt 0:00:02]} Nd7 {[%emt 0:00:01]} 14. Nb5 {[%emt 0:00:01]} a6 {[%emt 0:00:01]} 15. Nc3 {[%emt 0:00:04]} h6 {[%emt 0:00:01]} 16. b4 {[%emt 0:00:01]} Nf6 {[%emt 0:00:01]} 17. Qe2 {[%emt 0:00:02]} Bd7 {[%emt 0:00:01]} 18. h3 {[%emt 0:00:01]} Qb6 {[%emt 0:00:01]} 19. Kh1 {[%emt 0:00:02]} Rac8 {[%emt 0:00:01]} 20. Rc2 {[%emt 0:00:01]} Nh5 {[%emt 0:00:02]} 21. Rfc1 {[%emt 0:00:01]} Ng3+ {[%emt 0:00:01]} 22. Kh2 {[%emt 0:00:01]} Nxe2 {[%emt 0:00:00]} 23. Bxe2 {[%emt 0:00:01]} Rxc3 {[%emt 0:00:01]} 24. Rxc3 {[%emt 0:00:01]} Bd8 {[%emt 0:00:02]} 25. Bf1 {[%emt 0:00:04]} f5 {[%emt 0:00:01]} 26. exf5 {[%emt 0:00:03]} Rxf5 {[%emt 0:00:01]} 27. e4 {[%emt 0:00:01]} Rxf3 {[%emt 0:00:01]} 28. gxf3 {[%emt 0:00:01]} Bg5 {[%emt 0:00:03]} 29. R1c2 {[%emt 0:00:01]} Bf4+ {[%emt 0:00:01]} 30. Kg2 {[%emt 0:00:01]} Ba4 {[%emt 0:00:01]} 31. Re2 {[%emt 0:00:02]} Kh7 {[%emt 0:00:01]} 32. Re1 {[%emt 0:00:02]} Qd4 {[%emt 0:00:01]} 33. Rd3 {[%emt 0:00:01]} Qb2+ {[%emt 0:00:01]} 34. Re2 {[%emt 0:00:01]} Qc1 {[%emt 0:00:01]} 35. Ra2 {[%emt 0:00:04]} Bb5 {[%emt 0:00:01]} 36. Rad2 {[%emt 0:00:10]} Bxd2 {[%emt 0:00:05]} 37. Rxd2 {[%emt 0:00:00]} Qxd2+ {[%emt 0:00:01]} 38. Kg3 {[%emt 0:00:00]} Qf4+ {[%emt 0:00:01]} 39. Kg2 {[%emt 0:00:01]} Qd2+ {[%emt 0:00:02] Zeit (Lag: Av=0.27s, max=0.7s)} 0-1

[Event "Stay Safe Play From Home 290"]
[Site "Emanuel Lasker Arena"]
[Date "2020.07.09"]
[Round "2"]
[White "Haxhi Baha"]
[Black "Klasman"]
[Result "1-0"]
[WhiteElo "1992"]
[BlackElo "1401"]
[Annotator "TA"]
[PlyCount "37"]
[EventDate "2020.07.09"]
[EventType "swiss (blitz)"]

{[%evp 9,36,124,136,120,127,124,297,281,897,895,904,908,1032,945,960,965,958,954,951,950,1241,748,1543,1529,1622,1632,29998,29999,29999]} 1. e4 f5 2. exf5 Nf6 3. d4 d5 4. Bd3 Nc6 5. c3 Qd6 {[#]} 6. Bg5 $146 {B00: Queen's Fianchetto Defence, Nimzowitsch Defence.} ({Predecessor:} 6. Ne2 e5 7. fxe6 Bxe6 8. Bf4 Qd7 9. Nd2 O-O-O 10. Qc2 Nh5 11. O-O-O g6 12. Bg5 {0-1 (60) Steffen,M (1610)-Lukas,H (1791) Homburg 2010}) 6... h6 7. Bh4 Bd7 $2 {[#]} (7... e5 $16) 8. Bg3 $18 {White has a decisive advantage.} Qxg3 $2 (8... e5 9. Nf3 Ne4 10. dxe5 Qe7) 9. hxg3 O-O-O 10. Nf3 Ng4 11. Rh4 h5 12. Nbd2 e6 13. fxe6 Bxe6 14. Ng5 Bg8 15. Qxg4+ Kb8 16. Rxh5 Rxh5 17. Qxh5 Re8+ 18. Qxe8+ {[%mdl 64] [#] Double Attack} Nd8 19. Qxd8# {White took control after the opening.} 1-0

[Event "Stay Safe Play From Home 290"]
[Site "Emanuel Lasker Arena"]
[Date "2020.07.09"]
[Round "2"]
[White "Bardellosport"]
[Black "SoulofWolf"]
[Result "0-1"]
[WhiteElo "1973"]
[BlackElo "2264"]
[Annotator "RC"]
[PlyCount "164"]
[EventDate "2020.07.09"]
[EventType "swiss (blitz)"]

1. e4 {[%emt 0:00:01]} c5 {[%emt 0:00:00]} 2. d3 {[%emt 0:00:00]} g6 {[%emt 0:00:01]} 3. Nd2 {[%emt 0:00:00]} Bg7 {[%emt 0:00:00]} 4. Ngf3 {[%emt 0:00:01]} f6 {[%emt 0:00:00]} 5. Be2 {[%emt 0:00:00]} Bh6 {[%emt 0:00:00]} 6. c3 {[%emt 0:00:00]} Bg7 {[%emt 0:00:01]} 7. Qc2 {[%emt 0:00:01]} Nh6 {[%emt 0:00:00]} 8. O-O {[%emt 0:00:00]} Nf7 {[%emt 0:00:00]} 9. d4 {[%emt 0:00:00]} O-O {[%emt 0:00:00]} 10. d5 {[%emt 0:00:01]} a6 {[%emt 0:00:01]} 11. c4 {[%emt 0:00:00]} b6 {[%emt 0:00:01]} 12. b3 {[%emt 0:00:00]} Bb7 {[%emt 0:00:01]} 13. Bb2 {[%emt 0:00:01]} d6 {[%emt 0:00:00]} 14. Ne1 {[%emt 0:00:01]} Nd7 {[%emt 0:00:00]} 15. f4 {[%emt 0:00:01]} Re8 {[%emt 0:00:01]} 16. Nef3 {[%emt 0:00:01]} e5 {[%emt 0:00:00]} 17. f5 {[%emt 0:00:01]} g5 {[%emt 0:00:01]} 18. g4 {[%emt 0:00:01]} h6 {[%emt 0:00:01]} 19. Kg2 {[%emt 0:00:00]} Nf8 {[%emt 0:00:02]} 20. h4 {[%emt 0:00:01]} Bh8 {[%emt 0:00:01]} 21. hxg5 {[%emt 0:00:00]} Nxg5 {[%emt 0:00:01]} 22. Nxg5 {[%emt 0:00:01]} hxg5 {[%emt 0:00:00]} 23. Nf3 {[%emt 0:00:00]} Ra7 {[%emt 0:00:01]} 24. Rh1 {[%emt 0:00:02]} Bc8 {[%emt 0:00:01]} 25. Qd2 {[%emt 0:00:01]} Rg7 {[%emt 0:00:01]} 26. Qe1 {[%emt 0:00:01]} Ree7 {[%emt 0:00:00]} 27. Qg3 {[%emt 0:00:01]} Rh7 {[%emt 0:00:01]} 28. Rxh7 {[%emt 0:00:01]} Rxh7 {[%emt 0:00:00]} 29. Rh1 {[%emt 0:00:01]} Qe7 {[%emt 0:00:00]} 30. Rxh7 {[%emt 0:00:01]} Qxh7 {[%emt 0:00:00]} 31. Bc1 {[%emt 0:00:01]} Bd7 {[%emt 0:00:01]} 32. Bxg5 {[%emt 0:00:01]} fxg5 {[%emt 0:00:00]} 33. Nxg5 {[%emt 0:00:00]} Qh6 {[%emt 0:00:03]} 34. Nh3 {[%emt 0:00:01]} Qd2 {[%emt 0:00:02]} 35. Qf2 {[%emt 0:00:01]} Nh7 {[%emt 0:00:05]} 36. g5 {[%emt 0:00:01]} Nxg5 {[%emt 0:00:01]} 37. Nxg5 {[%emt 0:00:01]} Qxg5+ {[%emt 0:00:00]} 38. Kh2 {[%emt 0:00:01]} Bf6 {[%emt 0:00:01]} 39. Qf3 {[%emt 0:00:03]} Be8 {[%emt 0:00:01]} 40. a3 {[%emt 0:00:02]} Bf7 {[%emt 0:00:03]} 41. b4 {[%emt 0:00:01]} Kf8 {[%emt 0:00:03]} 42. b5 {[%emt 0:00:01]} a5 {[%emt 0:00:01]} 43. a4 {[%emt 0:00:01]} Ke7 {[%emt 0:00:01]} 44. Qh3 {[%emt 0:00:01]} Qf4+ {[%emt 0:00:02]} 45. Kg2 {[%emt 0:00:01]} Qxe4+ {[%emt 0:00:01]} 46. Bf3 {[%emt 0:00:01]} Qxc4 {[%emt 0:00:01]} 47. Qh7 {[%emt 0:00:00]} Qc2+ {[%emt 0:00:03]} 48. Kg3 {[%emt 0:00:03]} Qd2 {[%emt 0:00:01]} 49. Bh5 {[%emt 0:00:01]} Qf4+ {[%emt 0:00:02]} 50. Kg2 {[%emt 0:00:01]} Qg5+ {[%emt 0:00:01]} 51. Kf3 {[%emt 0:00:02]} Qxh5+ {[%emt 0:00:00]} 52. Qxh5 {[%emt 0:00:02]} Bxh5+ {[%emt 0:00:00]} 53. Ke4 {[%emt 0:00:00]} Bd1 {[%emt 0:00:01]} 54. Kd3 {[%emt 0:00:01]} Bxa4 {[%emt 0:00:00]} 55. Kc3 {[%emt 0:00:00]} Bxb5 {[%emt 0:00:01]} 56. Kb2 {[%emt 0:00:01]} Bd7 {[%emt 0:00:00]} 57. Kc3 {[%emt 0:00:00]} Bxf5 {[%emt 0:00:01]} 58. Kc4 {[%emt 0:00:00]} Bd7 {[%emt 0:00:00]} 59. Kd3 {[%emt 0:00:00]} Be6 {[%emt 0:00:00]} 60. Ke4 {[%emt 0:00:00]} Bxd5+ {[%emt 0:00:00]} 61. Kd3 {[%emt 0:00:00]} a4 {[%emt 0:00:00]} 62. Kc2 {[%emt 0:00:01]} Bc6 {[%emt 0:00:00]} 63. Kb1 {[%emt 0:00:00]} Ke6 {[%emt 0:00:00]} 64. Ka2 {[%emt 0:00:00]} Be7 {[%emt 0:00:00]} 65. Kb1 {[%emt 0:00:00]} Bd8 {[%emt 0:00:00]} 66. Ka2 {[%emt 0:00:00]} Bc7 {[%emt 0:00:00]} 67. Kb1 {[%emt 0:00:00]} d5 {[%emt 0:00:00]} 68. Ka2 {[%emt 0:00:00]} Kd6 {[%emt 0:00:00]} 69. Kb1 {[%emt 0:00:00]} b5 {[%emt 0:00:00]} 70. Ka2 {[%emt 0:00:00]} c4 {[%emt 0:00:00]} 71. Kb1 {[%emt 0:00:00]} b4 {[%emt 0:00:00]} 72. Ka2 {[%emt 0:00:00]} d4 {[%emt 0:00:00]} 73. Kb1 {[%emt 0:00:00]} e4 {[%emt 0:00:00]} 74. Ka2 {[%emt 0:00:00]} Kc5 {[%emt 0:00:00]} 75. Kb1 {[%emt 0:00:00]} Kb5 {[%emt 0:00:00]} 76. Kc2 {[%emt 0:00:00]} Bd5 {[%emt 0:00:00]} 77. Kd2 {[%emt 0:00:00]} Bb6 {[%emt 0:00:00]} 78. Ke2 {[%emt 0:00:00]} Bc5 {[%emt 0:00:00]} 79. Kf2 {[%emt 0:00:00]} Kc6 {[%emt 0:00:00]} 80. Kg2 {[%emt 0:00:00]} Kd6 {[%emt 0:00:00]} 81. Kg3 {[%emt 0:00:00]} Ke5 {[%emt 0:00:00]} 82. Kg4 {[%emt 0:00:00]} Be6+ {[%emt 0:00:01] Bardellosport abbandona (Lag: Av=0.31s, max=2.0s)} 0-1

[Event "Stay Safe Play From Home 290"]
[Site "Emanuel Lasker Arena"]
[Date "2020.07.09"]
[Round "2"]
[White "Tartak"]
[Black "Ironmike"]
[Result "0-1"]
[WhiteElo "1758"]
[BlackElo "1959"]
[Annotator "TA"]
[PlyCount "78"]
[EventDate "2020.07.09"]
[EventType "swiss (blitz)"]
[BlackTeam "SV Horst-Emscher I"]

{[%evp 12,77,22,9,7,0,14,-30,0,-8,0,-8,8,-2,16,15,24,2,17,16,18,0,22,0,10,0,105,105,113,106,116,115,135,40,39,25,16,-88,6,0,43,-734,-731,-1284,-1279,-1254,-1192,-3003,-2969,-29991,-29977,-29982,-29982,-29993,-29994,-29996,-29996,-29996,-29995,-29995,-29996,-29996,-29997,-29997,-29998,-29998,-29999,-29999]} 1. e4 c5 2. Nf3 Nc6 3. d4 cxd4 4. Nxd4 d6 5. Bc4 Nf6 6. Nc3 e5 7. Nb3 (7. Nf3 {is interesting.} Be7 8. O-O O-O 9. a3 Be6 10. Qd3) 7... Be7 {B57: Classical Sicilian: Sozin with 6...Qb6.} 8. O-O O-O 9. f4 exf4 {Black has an edge.} 10. Bxf4 {[#]} Ne5 $146 ({Predecessor:} 10... Bg4 11. Be2 Bxe2 12. Qxe2 a6 13. Rad1 Qc7 14. Kh1 Ne5 15. Nd4 g6 16. Bg5 Qd8 {1-0 (57) Lauron,W (2067)-Elizondo Marquet,J (1803) Bordeaux 2018}) 11. Be2 Ng6 12. Be3 Be6 13. Nd4 $36 {[%mdl 2048] White has some pressure.} Qd7 14. Nxe6 fxe6 15. Bc4 Kh8 16. Bb3 a6 17. Qe2 b5 18. Rad1 Qc6 (18... Rab8 $11) 19. Bxe6 $16 Rae8 20. Bd5 Nxd5 21. Nxd5 (21. Rxd5 $6 Rxf1+ 22. Qxf1 Bf6 $11) 21... Bd8 22. Qd2 (22. Rxf8+ $16 Rxf8 23. Bd4) 22... Rxf1+ $14 23. Rxf1 Rxe4 24. Rf7 {[#]} (24. Qd3 $11 Re5 25. Rf5) 24... Re8 (24... Re5 $1 $17 {[%cal Re5d5]} 25. Nf4 Rxe3 26. Nxg6+ (26. Qxe3 $2 {too greedy.} Bb6 $19) 26... hxg6 27. Rf8+ (27. Qxe3 $2 {loses.} Bb6 $19) 27... Kh7 28. Rxd8 (28. Qxe3 $2 {perishes.} Bb6 $19) 28... Qc5) 25. h3 Ne5 26. Bd4 $2 {[%mdl 8192] This move loses the game for White.} (26. Ra7 $14) 26... Nxf7 $19 27. Bxg7+ Kxg7 28. Qd4+ Re5 29. Qg4+ Rg5 30. Qe6 Qxd5 {Black mates.} 31. Qxd5 Rxd5 32. c3 Rd2 33. g4 Rxb2 34. h4 Rxa2 35. g5 Ne5 36. h5 Nf3+ {[%mdl 64] [#] Double Attack} 37. Kf1 Bb6 {[%csl Gb6][%cal Ra2f2]} 38. h6+ Kg6 {[%csl Gb6][%cal Ra2f2]} 39. c4 Rf2# {Accuracy: White = 59%, Black = 78%.} 0-1

[Event "Stay Safe Play From Home 290"]
[Site "Emanuel Lasker Arena"]
[Date "2020.07.09"]
[Round "3"]
[White "Mepe_Nika"]
[Black "Lamborghini"]
[Result "1-0"]
[WhiteElo "2364"]
[BlackElo "2217"]
[Annotator "TA"]
[PlyCount "83"]
[EventDate "2020.07.09"]
[EventType "swiss (blitz)"]

{[%evp 9,83,29,28,25,32,34,36,51,66,70,74,51,88,82,83,45,110,110,266,278,310,328,376,231,336,114,117,104,539,538,560,556,601,602,595,592,601,587,580,572,682,568,985,672,655,561,572,568,582,578,559,553,609,595,640,484,687,661,745,431,962,954,929,829,2397,2196,5694,5127,29978,29974,29996,29997,29997,29996,29997,29997]} 1. d4 d5 2. Bf4 c6 3. e3 Nf6 4. c4 Bf5 5. Nc3 e6 6. Qb3 {D10: Slav Defence: 3 cxd5 (without early Nf3) and 3 Nc3.} Qb6 {6...Qc8 deserves study.} 7. c5 Qxb3 8. axb3 {White is slightly better.} Nbd7 9. b4 Be7 10. b5 cxb5 11. Nxb5 {[#] Black must now prevent Nc7+.} O-O 12. Nf3 {[#]} Nh5 $146 (12... Ne4 $14) ({Predecessor:} 12... a6 13. Nd6 Bxd6 14. Bxd6 Rfe8 15. b4 Ne4 16. Bf4 f6 17. Be2 Nc3 18. Ra3 Nxe2 19. Kxe2 {½-½ (67) Ikramul,H (2116)-Khan,J (1957) Dhaka 2018}) 13. Bd6 Bxd6 $2 (13... a6 $16) 14. Nxd6 $18 Rfb8 15. Bb5 Ndf6 16. h3 Be4 (16... Ne4 {is a better defense.} 17. Nxf5 a6) 17. Be2 $2 (17. c6 $18 Bxf3 18. gxf3) 17... Bxf3 $16 18. Bxf3 {[#] Hoping for g4.} Ne8 $2 {[%mdl 8192]} (18... g6 $16) 19. Nxe8 $18 Rxe8 20. Bxh5 b6 21. b4 bxc5 22. bxc5 Reb8 23. O-O g6 24. Bf3 Kf8 25. Rfb1 Ke7 26. Be2 a5 27. f3 Rxb1+ 28. Rxb1 {[%mdl 4096] Endgame KRB-KR} a4 29. Ra1 a3 30. Kf2 Kd7 31. e4 Kc6 32. Ke3 f6 (32... dxe4 $142 33. Kxe4 Ra4) 33. Bd3 Ra4 34. g4 e5 (34... a2 $142 35. exd5+ exd5) 35. exd5+ Kxd5 36. Be4+ Kc4 37. dxe5 Kxc5 38. exf6 {White threatens f7 and mate.} Ra6 39. f7 {White mates.} Re6 40. f8=Q+ Kc4 41. Qxa3 g5 42. Qa2+ {Accuracy: White = 57%, Black = 30%.} 1-0

[Event "Stay Safe Play From Home 290"]
[Site "Emanuel Lasker Arena"]
[Date "2020.07.09"]
[Round "3"]
[White "SoulofWolf"]
[Black "Eidgenosse"]
[Result "0-1"]
[WhiteElo "2269"]
[BlackElo "2454"]
[Annotator "TA"]
[PlyCount "122"]
[EventDate "2020.07.09"]
[EventType "swiss (blitz)"]

{[%evp 9,122,30,36,0,34,-131,-100,-167,-115,-154,-139,-168,-182,-246,-248,-235,-186,-360,-364,-364,-362,-1245,-1254,-1228,-1261,-1255,-1245,-1249,-1252,-1238,-1231,-1188,-1152,-1314,-1223,-1401,-1375,-1462,-1450,-1599,-1523,-1536,-1528,-1633,-1566,-1664,-1495,-1690,-1386,-1432,-1356,-1729,-1312,-1325,-1320,-1288,-1316,-1231,-1143,-1123,-758,-927,-724,-720,-702,-1115,-1043,-1373,-6844,-2808,-6519,-6319,-6095,-5306,-5156,-2073,-643,-647,-559,-908,-806,-838,-646,-641,-751,-760,-677,-670,-449,-371,-351,-485,-296,-351,-290,-235,0,0,0,-8,217,-1562,0,-29974,-29975,-29973,-29965,-29991,-29980,-29980,-29981,-29980,-29981,-29981,-167]} 1. c4 d6 2. Nc3 Nf6 3. e3 Nbd7 4. Nf3 e5 5. d4 g6 6. dxe5 {A10: English Opening: Unusual Replies for Black.} dxe5 {[#]} 7. Ke2 $146 (7. Be2 $14 {keeps the upper hand.}) ({Predecessor:} 7. Be2 Bg7 8. O-O O-O 9. b3 Re8 10. Ba3 b6 11. Qd2 Bb7 12. Rfd1 e4 13. Nd4 Ne5 14. Ndb5 Qc8 15. Nd5 Nxd5 16. cxd5 a6 17. Nc3 {1-0 (53) Vinokur,Y (2170)-Ambartsumova,K (2379) Sochi 2018}) 7... Bg7 8. g3 (8. e4 $17) 8... O-O (8... e4 $19 9. Ne1 O-O) 9. Bg2 e4 10. Nd4 Ne5 {Hoping for ...c5.} 11. h3 (11. Nxe4 $142 Nxe4 12. Bxe4) 11... c5 $19 ({But not} 11... Nxc4 12. Qb3) 12. Nb3 Qe7 ({Weaker is} 12... Nxc4 13. Qxd8 Rxd8 14. Nxc5 $15) 13. Nd5 $2 (13. Qc2 {was necessary.}) 13... Nxd5 14. cxd5 b6 15. Bd2 $2 (15. Kf1 Nd3 16. Nd2) 15... Ba6+ 16. Ke1 Nd3+ {[%mdl 64] Double Attack, Discovered Attack} 17. Kf1 Nxb2+ {[%mdl 64] Discovered Attack} 18. Kg1 Nxd1 19. Rxd1 Be2 20. Re1 Bd3 21. Bc1 Qd6 22. Kh2 Qxd5 23. Rd1 a5 24. f3 Qe6 25. Nd2 f5 26. Ba3 h5 27. h4 Be5 28. Bh3 Qd6 29. Rhg1 Be2 30. Nc4 Qxd1 31. Rxd1 Bxd1 32. Nxe5 Bxf3 33. Nxg6 Bg4 34. Bf1 Kg7 35. Nf4 Rf6 {White must now prevent ...Rd8.} 36. Bb2 Rd8 {And now ...Rd2+ would win.} 37. Bxf6+ Kxf6 {[%mdl 4096] Endgame KRB-KBN} 38. Kg1 Rd1 39. Kf2 Rxf1+ 40. Kxf1 {KB-KN} Ke5 41. Ke1 b5 42. Kd2 c4 (42... b4 $142 43. Ng2 c4) 43. Kc3 Bf3 44. a3 Bd1 45. Ng6+ Kd5 46. Nf4+ Kc5 47. Ne6+ Kd6 48. Nf4 Kc6 49. Ne6 Bb3 50. Nf4 Kc5 51. Ne6+ Kd6 52. Nf4 b4+ $2 ({Black should try} 52... Kc6 $1 $19 {Threatens to win with ...Bd1.} 53. Ne6 Kd6) 53. axb4 $11 a4 {...a3 is the strong threat.} 54. Kb2 Kc6 $2 (54... Bd1 $1 $11 {and Black has nothing to worry.}) 55. Ka3 $4 {[%mdl 8192]} (55. Nxh5 $18 Kb5 56. Nf4 Kxb4 57. Nd5+ Kc5 58. h5 c3+ 59. Nxc3) 55... Kb5 $2 (55... c3 $19 56. Ne2 c2) 56. Nxh5 $2 {[%mdl 8192]} (56. Ne2 $11) 56... c3 {Black mates.} 57. Nf4 c2 {[%cal Rc2c1]} 58. Kb2 Kxb4 59. Kc1 a3 60. Ne2 a2 61. Kb2 {[#]} a1=Q+ $1 {[%mdl 512] Accuracy: White = 38%, Black = 62%.} 0-1